| 000 | 00476pab a2200181 454500 | ||
|---|---|---|---|
| 008 | 180718b1997 xxu||||| |||| 00| 0 eng d | ||
| 100 | _aHart, Oliver | ||
| 245 | _aThe proper scope of government: theory and an application to prisons | ||
| 260 | _c1997 | ||
| 300 | _ap.1127-161 | ||
| 362 | _aNov | ||
| 650 | _aPrisoners | ||
| 650 | _aPrisons | ||
| 700 | _aVishnay, Robert W. | ||
| 700 | _aShleifer, Anderi | ||
| 773 | _aQuarterly Journal of Economics | ||
| 909 | _a36565 | ||
| 999 |
_c36565 _d36565 |
||